भारत में राष्ट्र-निर्माण की चुनौतियाँ और सामाजिक-आर्थिक विकास की समस्याएँ / (Record no. 52871)
[ view plain ]
| 000 -LEADER | |
|---|---|
| fixed length control field | 01261nam a22002657a 4500 |
| 005 - DATE AND TIME OF LATEST TRANSACTION | |
| control field | 20080905121451.0 |
| 008 - FIXED-LENGTH DATA ELEMENTS--GENERAL INFORMATION | |
| fixed length control field | 110608t xxu||||| |||| 00| 0 hin d |
| 010 ## - LCCN (DPL NO) | |
| LC control number | HIN-92908 |
| 020 ## - INTERNATIONAL STANDARD BOOK NUMBER | |
| Terms of availability | 275.00 |
| International Standard Book Number | 8189537962 |
| 035 ## - SYSTEM CONTROL NUMBER | |
| System control number | HN-65254 |
| 037 ## - SOURCE OF ACQUISITION | |
| Source of stock number/acquisition | DBAD / PUB |
| 040 ## - CATALOGING SOURCE | |
| Original cataloging agency | DPL |
| Language of cataloging | HN |
| 082 ## - DEWEY DECIMAL CLASSIFICATION NUMBER | |
| Classification number | 307.14 |
| 100 ## - MAIN ENTRY--PERSONAL NAME | |
| 9 (RLIN) | 28442 |
| Personal name | दुबे, सत्यमित्र |
| 245 ## - TITLE STATEMENT | |
| Title | भारत में राष्ट्र-निर्माण की चुनौतियाँ और सामाजिक-आर्थिक विकास की समस्याएँ / |
| Statement of responsibility, etc | सत्यमित्र दुबे |
| 260 ## - PUBLICATION, DISTRIBUTION, ETC. (IMPRINT) | |
| Place of publication, distribution, etc | दिल्ली |
| Name of publisher, distributor, etc | यश पब्लिकेशन्स |
| Date of publication, distribution, etc | 2010 |
| 270 ## - ADDRESS | |
| Address | X/909, चाँद मौहल्ला, गांधी नगर |
| City | दिल्ली |
| Postal code | 110031 |
| Telephone number | 09899938522 |
| Electronic mail address | yash_publication@hotmail.com |
| 300 ## - PHYSICAL DESCRIPTION | |
| Extent | 152पृ |
| Dimensions | 22सेमी (सजिल्द) |
| 650 ## - SUBJECT ADDED ENTRY--TOPICAL TERM | |
| 9 (RLIN) | 28443 |
| 650 ## - SUBJECT ADDED ENTRY--TOPICAL TERM | |
| 9 (RLIN) | 28455 |
| 700 ## - ADDED ENTRY--PERSONAL NAME | |
| 9 (RLIN) | 28521 |
| 700 ## - ADDED ENTRY--PERSONAL NAME | |
| 9 (RLIN) | 28536 |
| 942 ## - ADDED ENTRY ELEMENTS (KOHA) | |
| Institution code [OBSOLETE] | dpl |
| Item type | Hindi Books |
| Source of classification or shelving scheme | Dewey Decimal Classification |
| Call number suffix | दुबेस |
| Classification part | 307.14 |
| Withdrawn status | Lost status | Source of classification or shelving scheme | Damaged status | Not for loan | Collection code | Home library | Current library | Date acquired | Source of acquisition | Cost, normal purchase price | Total Checkouts | Full call number | Barcode | Date last seen | Copy number | Cost, replacement price | Koha item type |
|---|---|---|---|---|---|---|---|---|---|---|---|---|---|---|---|---|---|
| Dewey Decimal Classification | Not For Loan | Non-fiction | D.B.Act.Division | D.B.Act.Division | 14/06/2011 | DBAD / PUB | 275.00 | 307.14 दुबेस | HN-65254 | 14/06/2011 | 1 | 275.00 | Hindi Books |
